Sistemas políticos del magreb actual

Kaydedildi:
Detaylı Bibliyografya
Yazar: Larramendi, Miguel Hernando de (Yazar)
Diğer Yazarlar: López García, Bernabé (autor)
Materyal Türü: Kitap
Dil:İspanyolca
Baskı/Yayın Bilgisi: Madrid Mapfre 1996
Seri Bilgileri:Colección El Magreb, 14
Konular:
Etiketler: Etiketle
Etiket eklenmemiş, İlk siz ekleyin!

MARC

LEADER 00000nam a2200000 a 4500
001 UCR5886
003 CL-VaPUC
008 980403e19960000SP |||||||||||||||||spa|d
082 0 4 |a 960  |b LAR  |2 21 
100 |a Larramendi, Miguel Hernando de  |e author  |9 406804 
700 |a López García, Bernabé  |e autor  |9 614985 
245 1 0 |a Sistemas políticos del magreb actual 
300 |a 373 p 
942 |c BK 
945 |d 19980403 00:00:00  |a rbrito 
260 |a Madrid  |b Mapfre  |c 1996 
650 0 |a Historia  |9 255047 
650 0 |a Política  |9 255312 
651 7 |a MARRUECOS  |2 CL-VaPUC  |9 406806 
651 7 |a ARGELIA  |2 CL-VaPUC  |9 322685 
651 7 |a TUNEZ  |2 CL-VaPUC  |9 325751 
651 7 |a LIBIA  |2 CL-VaPUC  |9 357928 
651 7 |a MAURITANIA  |2 CL-VaPUC  |9 406807 
583 |a last modification  |c 19980403 00:00:00  |k Rodrigo Vera 
490 0 |a Colección El Magreb, 14 
999 |c 268228  |d 268226 
952 |0 0  |1 0  |4 0  |6 960_000000000000000_LAR_1996  |7 0  |8 A  |9 301196  |a BIBHIS  |b BIBHIS  |d 2019-11-20  |i 339655K  |o 960 LAR 1996  |p 339655K  |r 2025-01-20  |w 2019-11-20  |y BK  |k HIS